00302nam a22001337a 4500003000400000020001700004082001900021100001800040245003500058250000800093260003900101300000800140650002000148OSt a978184920797 a001.42bSMI/RE aMalcolm Smith aResearch Methods In Accounting a2nd aNew DelhibSage Publicationsc2011 a223 aSurvey Research